000
00291nam a22001337a 4500
008
181019b xxu||||| |||| 00| 0 eng d
020
_a
9780130584144
041
_a
eng
080
_a
510
100
_a
30
101
_a
MAT
245
_a
Transitition Mathematics
_c
Zalma.i
942
_2
udc
_c
BK
999
_c
50230
_d
50230